[Event "XV C.to Mondiale Seniores Over 65"]
[Site "Acqui Terme ITA"]
[Date "2015.11.14"]
[Round "5"]
[White "Bogdanov, Valentin"]
[Black "Trois, Francisco R.T"]
[WhiteElo "2374"]
[BlackElo "2230"]
[Result "1-0"]
[PlyCount "175"]
[EventDate "2015.11.10"]

1. d4 Nf6 2. Nf3 d5 3. c4 c6 4. Nc3 e6 5. e3 Nbd7 6. Qc2 b6 7. Be2 Bb7 8. O-O
Be7 9. Rd1 O-O 10. e4 dxe4 11. Nxe4 c5 12. Nxf6+ Bxf6 13. dxc5 bxc5 14. Bf4 Qc8
15. Rd2 e5 16. Rad1 Bc6 17. Ng5 g6 18. Be3 Bxg5 19. Bxg5 Re8 20. Qc3 f6 21. Bh4
Rf8 22. Rd6 Rf7 23. Qd2 Qb7 24. f3 Kg7 25. Bf2 Rc8 26. Be3 Nf8 27. Bh6+ Kg8 28.
b3 Qe7 29. Rd8 Rxd8 30. Qxd8 Be8 31. Bxf8 Kxf8 32. Qc8 Qc7 33. Rd8 Qxc8 34.
Rxc8 Rd7 35. Rxc5 Rd2 36. Kf1 Rxa2 37. Rc7 a5 38. c5 a4 39. bxa4 Bxa4 40. Rxh7
Rc2 41. Bd3 Rxc5 42. Bxg6 Be8 43. Bf5 Bf7 44. Rh8+ Kg7 45. Rb8 Bg6 46. Bxg6
Kxg6 47. Kf2 Rc2+ 48. Kg3 Rd2 49. h4 Re2 50. Rg8+ Kh6 51. Re8 Rd2 52. Kh3 Rf2
53. Ra8 Kg6 54. Ra3 Rd2 55. g4 Rd6 56. Kg3 Rd4 57. Ra7 Rc4 58. h5+ Kh6 59. Rf7
Rf4 60. Re7 Rd4 61. Rb7 Rc4 62. Rb8 Kg7 63. Rb3 Rd4 64. Kf2 Rc4 65. Re3 Ra4 66.
Re4 Ra2+ 67. Kg3 Ra3 68. Rb4 Ra7 69. Kf2 Kh6 70. Rb8 Kg7 71. Rb6 Rc7 72. Kg3
Rc4 73. Kf2 Rc7 74. Rb3 Kh6 75. Kg3 Rc4 76. Re3 Rb4 77. Re4 Rb3 78. Ra4 Rb6 79.
Ra8 Rb4 80. Rg8 Kh7 81. Rg6 Rf4 82. g5 Rf5 83. gxf6 Rxh5 84. Rg7+ Kh6 85. Kg4
Rh2 86. Kf5 Rh3 87. Ke4 Rh2 88. Rg3 1-0

[Event "XV C.to Mondiale Seniores Over 65"]
[Site "Acqui Terme ITA"]
[Date "2015.11.14"]
[Round "5"]
[White "Gutkin, Boris"]
[Black "Beltz, Robert"]
[WhiteElo "2311"]
[BlackElo "2156"]
[Result "1/2-1/2"]
[PlyCount "89"]
[EventDate "2015.11.10"]

1. d4 d5 2. Nf3 Nf6 3. c4 e6 4. Nc3 c6 5. e3 Nbd7 6. Bd3 dxc4 7. Bxc4 b5 8. Bd3
Bd6 9. O-O Bb7 10. e4 e5 11. Qe2 O-O 12. dxe5 Nxe5 13. Nxe5 Bxe5 14. Be3 Qe7
15. Rac1 Rfd8 16. f4 Bd4 17. Bxd4 Rxd4 18. e5 Nd5 19. Nxd5 Rxd5 20. Be4 Rd4 21.
Bxc6 Bxc6 22. Rxc6 Qb7 23. Rc2 Rad8 24. h3 Qd5 25. b3 h6 26. Qf2 a6 27. Re2 b4
28. f5 Re4 29. Rfe1 Rxe2 30. Qxe2 a5 31. Qe3 Qd2 32. Qf2 Rd4 33. Re2 Qc1+ 34.
Re1 Qd2 35. g3 Rd5 36. Re2 Qd4 37. Qxd4 Rxd4 38. Kf2 Rd3 39. Rc2 Rd5 40. Rc8+
Kh7 41. Rc7 Rxe5 42. Rxf7 Kg8 43. Rd7 Rxf5+ 44. Ke3 Rc5 45. Ke4 1/2-1/2

[Event "XV C.to Mondiale Seniores Over 65"]
[Site "Acqui Terme ITA"]
[Date "2015.11.14"]
[Round "5"]
[White "Jorgensen, Jorgen"]
[Black "Birnboim, Nathan"]
[WhiteElo "2212"]
[BlackElo "2360"]
[Result "0-1"]
[PlyCount "94"]
[EventDate "2015.11.10"]

1. Nf3 g6 2. c4 c5 3. d4 Bg7 4. e4 Qb6 5. dxc5 Qc6 6. Bd3 Na6 7. O-O Nxc5 8. e5
d6 9. exd6 Qxd6 10. Bc2 Qxd1 11. Rxd1 Be6 12. Nbd2 O-O-O 13. Ng5 Nh6 14. Nxe6
Nxe6 15. Nf3 Nf5 16. Re1 Nfd4 17. Nxd4 Bxd4 18. Rb1 Rd7 19. Bd1 Nc5 20. Bc2
Rhd8 21. g3 e5 22. Bg5 f6 23. Bc1 a5 24. Kg2 Rd6 25. Re2 f5 26. f3 R8d7 27. Re1
Na6 28. a3 Rc7 29. b3 b5 30. Bd2 b4 31. axb4 axb4 32. Re2 Rcd7 33. Bh6 Bc3 34.
Be3 Nc7 35. Rf1 Ne6 36. h4 h5 37. Kh3 Kc7 38. Kg2 Rd8 39. Kh3 Ra6 40. Rd1 Rxd1
41. Bxd1 Ra1 42. Bc2 Kd6 43. Kh2 Bd4 44. Rd2 Kc6 45. Bh6 Bc3 46. Rf2 Be1 47.
Rf1 Bxg3+ 0-1

[Event "XV C.to Mondiale Seniores Over 65"]
[Site "Acqui Terme ITA"]
[Date "2015.11.14"]
[Round "5"]
[White "Kierzek, Matthias"]
[Black "Balashov, Yuri S"]
[WhiteElo "2234"]
[BlackElo "2418"]
[Result "0-1"]
[PlyCount "78"]
[EventDate "2015.11.10"]

1. d4 d6 2. e4 Nf6 3. f3 c5 4. dxc5 Qa5+ 5. Nc3 Qxc5 6. Qd3 a6 7. Be3 Qa5 8. g4
Nc6 9. g5 Nd7 10. f4 b5 11. Qd2 e6 12. Bd3 Bb7 13. Nf3 Nc5 14. O-O g6 15. a3
Qc7 16. b4 Nxd3 17. cxd3 Qd7 18. Rac1 Be7 19. d4 d5 20. e5 Bd8 21. Ne2 Ne7 22.
Rc2 Rc8 23. Nc1 Rc4 24. Nb3 Nf5 25. Nc5 Qc6 26. Bf2 h6 27. Ra2 hxg5 28. Nxg5
Bb6 29. Qd3 Ke7 30. Nf3 a5 31. Be1 Rh3 32. Kg2 Rxf3 33. Rxf3 Rxd4 34. Qf1 Bxc5
35. bxc5 Rc4 36. Kh3 d4 37. Rd3 Qe4 38. Bxa5 Ne3 39. Qe2 Qxf4 0-1

[Event "XV C.to Mondiale Seniores Over 65"]
[Site "Acqui Terme ITA"]
[Date "2015.11.14"]
[Round "5"]
[White "Malmdin, Nils-Ake"]
[Black "Werner, Clemens"]
[WhiteElo "2162"]
[BlackElo "2329"]
[Result "0-1"]
[PlyCount "54"]
[EventDate "2015.11.10"]

1. e4 c6 2. d4 d5 3. Nc3 dxe4 4. Nxe4 Nf6 5. Nxf6+ gxf6 6. Nf3 Bg4 7. c3 Nd7 8.
Be2 Qc7 9. h3 Bh5 10. Be3 e6 11. a4 f5 12. g4 Bg6 13. Nh4 f4 14. Bd2 O-O-O 15.
Nxg6 hxg6 16. Kf1 e5 17. Qc2 Bg7 18. dxe5 Qxe5 19. Bf3 Qf6 20. b4 Ne5 21. Be4
Nc4 22. Be1 f3 23. b5 Qf4 24. Rg1 Nd2+ 25. Bxd2 Rxd2 26. Qc1 Qxe4 27. Qxd2 Qc4+
0-1

[Event "XV C.to Mondiale Seniores Over 65"]
[Site "Acqui Terme ITA"]
[Date "2015.11.14"]
[Round "5"]
[White "Okhotnik, Vladimir"]
[Black "Pritchett, Craig W"]
[WhiteElo "2442"]
[BlackElo "2334"]
[Result "1-0"]
[PlyCount "83"]
[EventDate "2015.11.10"]

1. e4 c5 2. Nf3 e6 3. c3 d5 4. exd5 Qxd5 5. d4 Nf6 6. Na3 Nc6 7. Be3 cxd4 8.
Nb5 Qd8 9. Nfxd4 Nd5 10. Qf3 Nxe3 11. fxe3 Nxd4 12. Nxd4 a6 13. O-O-O Qc7 14.
Bd3 Be7 15. g4 Bd7 16. Rhf1 O-O 17. h4 Bb5 18. Qe4 Bxd3 19. Rxd3 Qc4 20. Kb1
Rad8 21. Rfd1 Bxh4 22. Qxb7 Bf6 23. b3 Rb8 24. Qc6 Qxc6 25. Nxc6 Rbc8 26. Rd6
g6 27. e4 Kg7 28. c4 h5 29. gxh5 gxh5 30. e5 Bg5 31. Rg1 Kh6 32. Nd4 a5 33.
Nf5+ Kg6 34. Ne7+ Kh6 35. Nxc8 Rxc8 36. Rd7 Rc5 37. Rxf7 Rxe5 38. Rf8 Kg7 39.
Rb8 Rf5 40. Rb5 e5 41. c5 e4 42. a4 1-0

[Event "XV C.to Mondiale Seniores Over 65"]
[Site "Acqui Terme ITA"]
[Date "2015.11.14"]
[Round "5"]
[White "Simon Padros, Emilio"]
[Black "Maryasin, Boris"]
[WhiteElo "2188"]
[BlackElo "2335"]
[Result "0-1"]
[PlyCount "78"]
[EventDate "2015.11.10"]

1. e4 c5 2. Nc3 Nc6 3. g3 g6 4. Bg2 Bg7 5. f4 d6 6. d3 Rb8 7. Nf3 b5 8. O-O b4
9. Ne2 e5 10. c3 Nge7 11. Be3 exf4 12. gxf4 O-O 13. Qd2 f5 14. e5 bxc3 15. bxc3
Nd5 16. Nfd4 Nxe3 17. Nxc6 Nxf1 18. Rxf1 Qc7 19. Nxb8 Qxb8 20. d4 Ba6 21. Re1
dxe5 22. fxe5 cxd4 23. cxd4 Rd8 24. Nf4 Bc4 25. Qf2 Qb6 26. d5 Bh6 27. Ne6 Rd7
28. Nc5 Rc7 29. Nb3 Qxf2+ 30. Kxf2 Bxb3 31. axb3 Rc2+ 32. Re2 Rxe2+ 33. Kxe2
Bf4 34. d6 Bxe5 35. d7 Bc7 36. h3 Kf7 37. Bd5+ Ke7 38. Kf3 Kxd7 39. Bg8 Ke7 0-1

[Event "XV C.to Mondiale Seniores Over 65"]
[Site "Acqui Terme ITA"]
[Date "2015.11.14"]
[Round "5"]
[White "Titz, Heimo"]
[Black "Sloth, Jorn"]
[WhiteElo "2162"]
[BlackElo "2311"]
[Result "1/2-1/2"]
[PlyCount "32"]
[EventDate "2015.11.10"]

1. Nf3 e6 2. c4 Nf6 3. g3 b6 4. Bg2 Bb7 5. O-O Be7 6. b3 O-O 7. Bb2 d5 8. d3 c5
9. e3 Nc6 10. Qe2 Qc7 11. Nc3 Rad8 12. Rfd1 Rfe8 13. cxd5 Nxd5 14. Nxd5 Rxd5
15. d4 cxd4 16. Nxd4 Nxd4 1/2-1/2

[Event "XV C.to Mondiale Seniores Over 65"]
[Site "Acqui Terme ITA"]
[Date "2015.11.14"]
[Round "5"]
[White "Vaisser, Anatoly"]
[Black "Pushkov, Nikolai"]
[WhiteElo "2505"]
[BlackElo "2317"]
[Result "1-0"]
[PlyCount "63"]
[EventDate "2015.11.10"]

1. d4 e6 2. c4 Nf6 3. Nc3 Bb4 4. e3 b6 5. Nge2 Bb7 6. a3 Be7 7. d5 O-O 8. Ng3
Re8 9. Be2 d6 10. O-O Nbd7 11. e4 exd5 12. cxd5 c6 13. dxc6 Bxc6 14. Bb5 Qc7
15. Bf4 Bxb5 16. Nxb5 Qc6 17. Nd4 Qb7 18. f3 Ne5 19. Ndf5 Rad8 20. Nxe7+ Qxe7
21. Nf5 Qd7 22. Bg5 d5 23. Bxf6 gxf6 24. f4 Ng6 25. Qd4 Qe6 26. Rad1 dxe4 27.
Qxd8 Rxd8 28. Rxd8+ Nf8 29. g4 Qc4 30. Rfd1 Qc5+ 31. Kg2 h5 32. Rc8 1-0

[Event "XV C.to Mondiale Seniores Over 65"]
[Site "Acqui Terme ITA"]
[Date "2015.11.14"]
[Round "5"]
[White "Van Riemsdijk, Herman C"]
[Black "Kupreichik, Viktor D"]
[WhiteElo "2318"]
[BlackElo "2369"]
[Result "0-1"]
[PlyCount "82"]
[EventDate "2015.11.10"]

1. e4 c5 2. Nf3 d6 3. d4 cxd4 4. Nxd4 Nf6 5. Nc3 Bd7 6. Bg5 e6 7. Qd3 a6 8.
O-O-O Nc6 9. Kb1 Be7 10. Nb3 Ne5 11. Qg3 Qc7 12. f4 Ng6 13. Be2 Rc8 14. Rd2 Qb6
15. f5 Ne5 16. Be3 Qd8 17. fxe6 Bxe6 18. Qxg7 Rg8 19. Qh6 Rxg2 20. Bb5+ axb5
21. Rxg2 Bf8 22. Qh4 b4 23. Nb5 Ng6 24. Qe1 Nxe4 25. Qxb4 d5 26. Qe1 Bh3 27.
Rg3 Bd7 28. N5d4 Nxg3 29. Bg5+ Be7 30. hxg3 Kf8 31. Bd2 Kg8 32. Qe2 Qc7 33. Qh5
Nf8 34. Bf4 Qb6 35. Qxd5 Bf6 36. Rh6 Bg4 37. Be5 Ng6 38. Bxf6 Qxf6 39. Qh1 Qf2
40. Rxh7 Re8 41. Rh2 Re1+ 0-1

[Event "XV C.to Mondiale Seniores Over 65"]
[Site "Acqui Terme ITA"]
[Date "2015.11.14"]
[Round "5"]
[White "Vasiukov, Evgeni"]
[Black "Karasev, Vladimir I"]
[WhiteElo "2392"]
[BlackElo "2344"]
[Result "1/2-1/2"]
[PlyCount "22"]
[EventDate "2015.11.10"]

1. e4 c5 2. a3 e6 3. b4 cxb4 4. axb4 Bxb4 5. Bb2 Nf6 6. e5 Nd5 7. c4 Nc7 8. Qg4
O-O 9. Nf3 Be7 10. Bd3 Ne8 11. Qe4 g6 1/2-1/2

[Event "XV C.to Mondiale Seniores Over 65"]
[Site "Acqui Terme ITA"]
[Date "2015.11.15"]
[Round "6"]
[White "Balashov, Yuri S"]
[Black "Kupreichik, Viktor D"]
[WhiteElo "2418"]
[BlackElo "2369"]
[Result "1/2-1/2"]
[PlyCount "31"]
[EventDate "2015.11.10"]

1. d4 Nf6 2. c4 e6 3. Nf3 b6 4. g3 Bb7 5. Bg2 Be7 6. O-O O-O 7. Nc3 Ne4 8. Nxe4
Bxe4 9. Ne1 Bxg2 10. Nxg2 d5 11. cxd5 Qxd5 12. Nf4 Qb7 13. Qc2 c5 14. dxc5 Bxc5
15. Bd2 Nd7 16. Bc3 1/2-1/2

[Event "XV C.to Mondiale Seniores Over 65"]
[Site "Acqui Terme ITA"]
[Date "2015.11.15"]
[Round "6"]
[White "Birnboim, Nathan"]
[Black "Leskovar, Mario"]
[WhiteElo "2360"]
[BlackElo "2298"]
[Result "1/2-1/2"]
[PlyCount "57"]
[EventDate "2015.11.10"]

1. d4 d6 2. Nf3 g6 3. g3 Bg7 4. Bg2 Nd7 5. c4 e5 6. Nc3 Ne7 7. O-O O-O 8. e4
exd4 9. Nxd4 Nc6 10. Nde2 Nc5 11. Be3 f5 12. exf5 Bxf5 13. Qd2 Kh8 14. Rad1 Ne5
15. b3 Qe7 16. Bd4 Rae8 17. h3 Nc6 18. Bxg7+ Qxg7 19. g4 Bd3 20. Rfe1 Bxe2 21.
Rxe2 Rxe2 22. Nxe2 Qf6 23. f4 Ne6 24. Bxc6 bxc6 25. Rf1 c5 26. Kg2 Nd4 27. Nxd4
Qxd4 28. Qe2 Rxf4 29. Qe3 1/2-1/2

[Event "XV C.to Mondiale Seniores Over 65"]
[Site "Acqui Terme ITA"]
[Date "2015.11.15"]
[Round "6"]
[White "Boehnisch, Manfred"]
[Black "Van Riemsdijk, Herman C"]
[WhiteElo "2291"]
[BlackElo "2318"]
[Result "1/2-1/2"]
[PlyCount "36"]
[EventDate "2015.11.10"]

1. e4 c5 2. Nf3 e6 3. b3 d6 4. Bb2 Nf6 5. Bb5+ Bd7 6. Bxd7+ Nbxd7 7. Qe2 Be7 8.
O-O O-O 9. c4 Qc7 10. d4 cxd4 11. Nxd4 a6 12. Nc3 Rfe8 13. f4 Bf8 14. Nf3 g6
15. Rad1 Rad8 16. g3 Bg7 17. Kg2 Nc5 18. e5 dxe5 1/2-1/2

[Event "XV C.to Mondiale Seniores Over 65"]
[Site "Acqui Terme ITA"]
[Date "2015.11.15"]
[Round "6"]
[White "Gundersen, Helge"]
[Black "Gutkin, Boris"]
[WhiteElo "2141"]
[BlackElo "2311"]
[Result "0-1"]
[PlyCount "82"]
[EventDate "2015.11.10"]

1. e4 c5 2. Be2 Nc6 3. d3 g6 4. f4 Bg7 5. Nf3 d6 6. O-O e6 7. a4 Nge7 8. Na3
O-O 9. Qe1 b6 10. Nc4 d5 11. exd5 Nxd5 12. Kh1 Bb7 13. Nfe5 Qc7 14. Nxc6 Bxc6
15. Bf3 Nb4 16. Qe2 Rad8 17. Ne5 Bxf3 18. Rxf3 Nc6 19. Nxc6 Qxc6 20. c3 Rd5 21.
a5 b5 22. c4 Rd7 23. a6 Rfd8 24. Qc2 bxc4 25. Qxc4 Rd4 26. Qc2 R8d5 27. h3 Qb5
28. Ra3 c4 29. Be3 cxd3 30. Qc8+ Rd8 31. Qb7 R4d5 32. Bd2 Qxb2 33. Qxb2 Bxb2
34. Rb3 Bf6 35. Rf1 R5d6 36. Ra3 Rc8 37. Rd1 Rcc6 38. Be3 Rxa6 39. Rxa6 Rxa6
40. Rxd3 Ra1+ 41. Kh2 h5 0-1

[Event "XV C.to Mondiale Seniores Over 65"]
[Site "Acqui Terme ITA"]
[Date "2015.11.15"]
[Round "6"]
[White "Karasev, Vladimir I"]
[Black "Lederman, Leon"]
[WhiteElo "2344"]
[BlackElo "2260"]
[Result "1-0"]
[PlyCount "45"]
[EventDate "2015.11.10"]

1. e4 c5 2. Nf3 d6 3. d4 cxd4 4. Qxd4 Nc6 5. Bb5 Qa5+ 6. Nc3 Bd7 7. Bxc6 bxc6
8. e5 d5 9. b4 Qb6 10. Na4 Qxd4 11. Nxd4 e6 12. Bd2 f6 13. f4 Nh6 14. O-O fxe5
15. fxe5 Nf7 16. Rae1 Rb8 17. a3 Be7 18. Nb3 Bd8 19. Be3 Bc7 20. Nac5 Nd8 21.
Na6 Rc8 22. Bxa7 Nf7 23. Nbc5 1-0

[Event "XV C.to Mondiale Seniores Over 65"]
[Site "Acqui Terme ITA"]
[Date "2015.11.15"]
[Round "6"]
[White "Maryasin, Boris"]
[Black "Wahlbom, Magnus"]
[WhiteElo "2335"]
[BlackElo "2241"]
[Result "1-0"]
[PlyCount "67"]
[EventDate "2015.11.10"]

1. e4 c5 2. Nf3 d6 3. d4 cxd4 4. Nxd4 Nf6 5. Nc3 a6 6. f4 e5 7. Nf3 Qc7 8. Bd3
Be7 9. O-O Nbd7 10. a4 b6 11. Qe1 Bb7 12. Kh1 O-O 13. Nh4 Rfe8 14. Nf5 Bf8 15.
fxe5 dxe5 16. Qh4 Re6 17. Nd5 Bxd5 18. exd5 Ree8 19. c4 e4 20. Be2 Ne5 21. Bg5
Ng6 22. Qf2 Bc5 23. Qe1 Nd7 24. b4 Bf8 25. a5 bxa5 26. Rxa5 Qb7 27. d6 Nde5 28.
c5 Nd3 29. Qc3 f6 30. c6 Qxb4 31. Bd2 Qxc3 32. Bxc3 Re6 33. Bxd3 exd3 34. Rd5
1-0

[Event "XV C.to Mondiale Seniores Over 65"]
[Site "Acqui Terme ITA"]
[Date "2015.11.15"]
[Round "6"]
[White "Pritchett, Craig W"]
[Black "Aparicio, Anibal"]
[WhiteElo "2334"]
[BlackElo "2221"]
[Result "0-1"]
[PlyCount "72"]
[EventDate "2015.11.10"]

1. Nf3 Nf6 2. c4 c5 3. Nc3 e6 4. g3 b6 5. Bg2 Bb7 6. O-O Be7 7. Re1 O-O 8. e4
d6 9. d4 cxd4 10. Nxd4 Qc8 11. Be3 a6 12. Rc1 Nbd7 13. f4 Re8 14. b3 Bf8 15.
Bf2 g6 16. h3 Qc7 17. g4 Rac8 18. Nde2 Nc5 19. Ng3 e5 20. fxe5 dxe5 21. g5 Nfd7
22. Nd5 Qd8 23. Qd2 Ne6 24. h4 Bc5 25. Bh3 Kg7 26. Ne2 Bxf2+ 27. Kxf2 b5 28.
cxb5 Ndc5 29. Bg2 Bxd5 30. exd5 e4 31. Ke3 Qb6 32. Qb2+ Kg8 33. Nd4 Nd3 34.
Rxc8 Rxc8 35. Qa1 Nxe1 36. dxe6 Nc2+ 0-1

[Event "XV C.to Mondiale Seniores Over 65"]
[Site "Acqui Terme ITA"]
[Date "2015.11.15"]
[Round "6"]
[White "Pushkov, Nikolai"]
[Black "Vogel, Jaap"]
[WhiteElo "2317"]
[BlackElo "2156"]
[Result "1-0"]
[PlyCount "93"]
[EventDate "2015.11.10"]

1. d4 e6 2. c4 f5 3. g3 Nf6 4. Bg2 c6 5. Nd2 d5 6. Qc2 Bd6 7. Nh3 O-O 8. O-O a5
9. Nf3 Na6 10. Bf4 Nb4 11. Qc1 Be7 12. a3 Na6 13. Be5 Ng4 14. Nf4 Nxe5 15. Nxe5
Bf6 16. Nfd3 Nc7 17. c5 g5 18. e3 Bg7 19. b4 axb4 20. axb4 Rxa1 21. Qxa1 Nb5
22. f4 h6 23. Rf2 Kh7 24. Bf1 Qe7 25. Nc1 Nc7 26. Nb3 Ne8 27. Qa7 Qc7 28. b5
cxb5 29. Bxb5 Nf6 30. c6 Ne4 31. Rc2 Qd6 32. Qa5 b6 33. Qa4 Qe7 34. Bd3 Nd6 35.
Ra2 Qd8 36. Qa8 b5 37. Qa7 Nc4 38. Kf2 Qe8 39. Qc7 Qh5 40. Nf3 g4 41. Nh4 Qe8
42. Ra7 Rg8 43. Ke2 Kh8 44. Nc5 b4 45. Ra8 Bf6 46. Rxc8 Qxc8 47. Ng6+ 1-0

[Event "XV C.to Mondiale Seniores Over 65"]
[Site "Acqui Terme ITA"]
[Date "2015.11.15"]
[Round "6"]
[White "Rooze, Jan"]
[Black "Bogdanov, Valentin"]
[WhiteElo "2262"]
[BlackElo "2374"]
[Result "1-0"]
[PlyCount "39"]
[EventDate "2015.11.10"]

1. Nf3 Nf6 2. c4 e6 3. g3 b6 4. Bg2 Bb7 5. O-O c5 6. Nc3 Be7 7. Re1 O-O 8. e4
d6 9. d4 cxd4 10. Nxd4 Nbd7 11. e5 dxe5 12. Nxe6 fxe6 13. Bxb7 Rb8 14. Bg2 Bb4
15. Bd2 Qe7 16. Qe2 Bc5 17. Red1 Bxf2+ 18. Qxf2 Ng4 19. Qe2 Qc5+ 20. Be3 1-0

[Event "XV C.to Mondiale Seniores Over 65"]
[Site "Acqui Terme ITA"]
[Date "2015.11.15"]
[Round "6"]
[White "Vaisser, Anatoly"]
[Black "Okhotnik, Vladimir"]
[WhiteElo "2505"]
[BlackElo "2442"]
[Result "1/2-1/2"]
[PlyCount "72"]
[EventDate "2015.11.10"]

1. d4 d5 2. c4 Nc6 3. cxd5 Qxd5 4. e3 e5 5. Nc3 Bb4 6. Bd2 Bxc3 7. bxc3 Nf6 8.
f3 Qd6 9. Bd3 O-O 10. Ne2 exd4 11. exd4 Ne7 12. Bf4 Qd8 13. Qd2 Bf5 14. Bg5 Qd6
15. Rb1 Bxd3 16. Qxd3 b6 17. c4 h6 18. Bf4 Qd7 19. Be5 Ne8 20. O-O Ng6 21. Bg3
Nd6 22. d5 Nf5 23. Nd4 Nxg3 24. hxg3 Ne5 25. Qc3 Rfe8 26. Rfd1 a6 27. g4 Qd6
28. Rbc1 g6 29. Nb3 Nd7 30. c5 Qg3 31. Qd2 bxc5 32. Nxc5 Nxc5 33. Rxc5 Re7 34.
Qf2 Qf4 35. Qd2 Qg3 36. Qf2 Qf4 1/2-1/2

[Event "XV C.to Mondiale Seniores Over 65"]
[Site "Acqui Terme ITA"]
[Date "2015.11.15"]
[Round "6"]
[White "Werner, Clemens"]
[Black "Vasiukov, Evgeni"]
[WhiteElo "2329"]
[BlackElo "2392"]
[Result "1/2-1/2"]
[PlyCount "69"]
[EventDate "2015.11.10"]

1. e4 Nf6 2. Nc3 d5 3. e5 Nfd7 4. f4 e6 5. d4 c5 6. Nf3 Nc6 7. Be3 a6 8. Qd2 b5
9. Be2 Bb7 10. O-O Qb6 11. dxc5 Bxc5 12. Nd1 Bxe3+ 13. Qxe3 d4 14. Qf2 Nc5 15.
Bd3 O-O-O 16. Qe2 h6 17. Nf2 Nb4 18. Nd2 Kb8 19. Nfe4 Bxe4 20. Nxe4 Nxe4 21.
Qxe4 Nxc2 22. Bxc2 d3+ 23. Rf2 Rd4 24. Qe3 dxc2 25. Rd2 Rhd8 26. Rf1 Kb7 27.
Rxc2 Rd1 28. Qxb6+ Kxb6 29. Rxd1 Rxd1+ 30. Kf2 g5 31. fxg5 hxg5 32. Ke3 Re1+
33. Kd4 Rd1+ 34. Ke4 Re1+ 35. Kd4 1/2-1/2

[Event "XV C.to Mondiale Seniores Over 65"]
[Site "Acqui Terme ITA"]
[Date "2015.11.15"]
[Round "6"]
[White "Zhelnin, Vladimir V"]
[Black "Titz, Heimo"]
[WhiteElo "2469"]
[BlackElo "2162"]
[Result "1-0"]
[PlyCount "85"]
[EventDate "2015.11.10"]

1. e4 c5 2. Nf3 e6 3. d4 cxd4 4. Nxd4 Nc6 5. Nc3 Qc7 6. Be2 Nf6 7. O-O Be7 8.
Be3 O-O 9. f4 d6 10. Qe1 Nxd4 11. Bxd4 e5 12. Be3 exf4 13. Rxf4 Be6 14. Nb5 Qb8
15. Qf2 a6 16. Nd4 Qc8 17. Rf1 Qd7 18. Qg3 Kh8 19. Nxe6 Qxe6 20. Bd4 Rg8 21.
Qd3 Rgf8 22. c3 Rad8 23. Bd1 d5 24. exd5 Qxd5 25. Rxf6 gxf6 26. Rf5 Qe6 27. Bc2
Qe1+ 28. Rf1 Qh4 29. g3 Qh6 30. Qe4 Rxd4 31. cxd4 Bd6 32. Kg2 Qg6 33. Qe2 Qh6
34. Bd3 Rg8 35. Rf2 Rg5 36. Qf3 Kg7 37. Qxb7 Rg4 38. Qd5 Bb8 39. Bf5 Qg5 40.
Qb3 Rf4 41. Rxf4 Bxf4 42. Qd3 h5 43. h4 1-0

[Event "XV C.to Mondiale Seniores Over 65"]
[Site "Acqui Terme ITA"]
[Date "2015.11.17"]
[Round "7"]
[White "Aparicio, Anibal"]
[Black "Vaisser, Anatoly"]
[WhiteElo "2221"]
[BlackElo "2505"]
[Result "0-1"]
[PlyCount "66"]
[EventDate "2015.11.10"]

1. c4 f5 2. g3 Nf6 3. Bg2 g6 4. Nf3 Bg7 5. O-O O-O 6. Nc3 d6 7. d4 c6 8. b3 Qa5
9. Bb2 e5 10. e3 e4 11. Nd2 Be6 12. Qc1 Na6 13. a3 Qd8 14. Qc2 d5 15. Na4 g5
16. f4 Ng4 17. Rae1 gxf4 18. Rxf4 Bh6 19. h3 Bxf4 20. exf4 Nf6 21. Nf1 b5 22.
cxb5 cxb5 23. Nc5 Nxc5 24. dxc5 d4 25. Rd1 d3 26. Qc3 Qd5 27. Nd2 a5 28. b4
axb4 29. axb4 Ra2 30. Ra1 Rxa1+ 31. Bxa1 Qa2 32. Qe5 e3 33. Qxe3 Qxa1+ 0-1

[Event "XV C.to Mondiale Seniores Over 65"]
[Site "Acqui Terme ITA"]
[Date "2015.11.17"]
[Round "7"]
[White "Bogdanov, Valentin"]
[Black "Boitsov, Gennadij"]
[WhiteElo "2374"]
[BlackElo "2165"]
[Result "1-0"]
[PlyCount "105"]
[EventDate "2015.11.10"]

1. d4 Nf6 2. Nf3 d5 3. c4 c6 4. Nc3 Bf5 5. Qb3 Qb6 6. c5 Qxb3 7. axb3 Nbd7 8.
b4 a6 9. b5 cxb5 10. Nxb5 Rc8 11. Nc3 e6 12. e3 Ne4 13. Nh4 Nxc3 14. Nxf5 Ne4
15. Ng3 Nxg3 16. hxg3 e5 17. b4 Be7 18. Bb2 exd4 19. Bxd4 O-O 20. Bd3 g6 21.
Kd2 Bf6 22. Rhb1 Kg7 23. Be2 Rfd8 24. Bg4 h5 25. Bxd7 Rxd7 26. b5 axb5 27. Rxb5
Bxd4 28. exd4 Re8 29. Rab1 Rde7 30. Kc3 Re2 31. R5b2 Rxb2 32. Rxb2 Re7 33. Kb4
Re4 34. Kc3 Re7 35. Kb4 Re4 36. Rd2 Re1 37. Ka5 Re6 38. Rb2 Ra6+ 39. Kb5 f6 40.
Rb4 Re6 41. Ra4 Kf8 42. Ra8+ Kf7 43. Rb8 Re4 44. Rxb7+ Ke6 45. Kc6 Rxd4 46. Rb3
Rd2 47. Re3+ Kf5 48. Kd6 d4 49. Rf3+ Ke4 50. Rxf6 Rc2 51. c6 g5 52. Re6+ Kf5
53. Re5+ 1-0

[Event "XV C.to Mondiale Seniores Over 65"]
[Site "Acqui Terme ITA"]
[Date "2015.11.17"]
[Round "7"]
[White "Gutkin, Boris"]
[Black "Balashov, Yuri S"]
[WhiteElo "2311"]
[BlackElo "2418"]
[Result "1/2-1/2"]
[PlyCount "65"]
[EventDate "2015.11.10"]

1. Nf3 Nf6 2. c4 e6 3. d4 Bb4+ 4. Bd2 Qe7 5. a3 Bxd2+ 6. Qxd2 O-O 7. Nc3 d6 8.
g3 e5 9. Bg2 Bg4 10. O-O c6 11. dxe5 dxe5 12. Rfd1 Nbd7 13. Qc2 a5 14. Rab1 h6
15. b4 axb4 16. axb4 Nb6 17. Ne4 Nxe4 18. Qxe4 Qe6 19. Rbc1 Rae8 20. Qc2 Bxf3
21. Bxf3 e4 22. Bg2 f5 23. Rd4 Rd8 24. Rcd1 Rxd4 25. Rxd4 Nd7 26. Rd1 Ne5 27.
c5 Ra8 28. Bh3 Nf7 29. Bf1 Kh7 30. h4 h5 31. Qc3 Qe7 32. e3 Qe5 33. Qc4 1/2-1/2

[Event "XV C.to Mondiale Seniores Over 65"]
[Site "Acqui Terme ITA"]
[Date "2015.11.17"]
[Round "7"]
[White "Kupreichik, Viktor D"]
[Black "Maryasin, Boris"]
[WhiteElo "2369"]
[BlackElo "2335"]
[Result "1-0"]
[PlyCount "49"]
[EventDate "2015.11.10"]

1. e4 c5 2. Nf3 Nc6 3. d4 cxd4 4. Nxd4 Qb6 5. Nb3 Nf6 6. Nc3 e6 7. Bd3 a6 8.
Qe2 Qc7 9. f4 d6 10. O-O b5 11. Bd2 b4 12. Nd1 Be7 13. c3 e5 14. cxb4 exf4 15.
Rxf4 Nxb4 16. Bxb4 Qb6+ 17. Qe3 Qxb4 18. e5 Nd5 19. Rxb4 Nxe3 20. Nxe3 dxe5 21.
Rc4 O-O 22. Nd5 Bg5 23. Re1 Be6 24. Rxe5 Bf6 25. Rh5 1-0

[Event "XV C.to Mondiale Seniores Over 65"]
[Site "Acqui Terme ITA"]
[Date "2015.11.17"]
[Round "7"]
[White "Leskovar, Mario"]
[Black "Werner, Clemens"]
[WhiteElo "2298"]
[BlackElo "2329"]
[Result "1-0"]
[PlyCount "125"]
[EventDate "2015.11.10"]

1. b3 c5 2. Bb2 Nc6 3. e3 e5 4. c4 d6 5. Nc3 g6 6. g3 Bg7 7. Bg2 Nge7 8. d3 O-O
9. Nge2 a6 10. O-O Rb8 11. Qd2 b5 12. Nd5 Bb7 13. Nec3 b4 14. Ne2 a5 15. a4
Nxd5 16. Bxd5 Ne7 17. Bxb7 Rxb7 18. e4 Qd7 19. f3 Qh3 20. Rf2 Bh6 21. f4 Nc6
22. Raf1 Re7 23. Qd1 Nd4 24. Nxd4 exd4 25. Qf3 Rfe8 26. Re2 Bg7 27. f5 Bh6 28.
g4 Qxf3 29. Rxf3 Be3+ 30. Kg2 h6 31. h4 Kh7 32. f6 Re6 33. Rfxe3 dxe3 34. Rxe3
h5 35. Rg3 Rg8 36. g5 Rc8 37. Re3 Kg8 38. Kf3 Kf8 39. d4 cxd4 40. Bxd4 Rc6 41.
Rd3 Ke8 42. Be3 Kd7 43. Bf4 Rc5 44. Bg3 Kc7 45. Rd5 Kd7 46. Rd4 Kc7 47. Ke3 Kd7
48. Kd3 Kc7 49. Bf4 Kd7 50. Bh2 Kc7 51. Bg3 Kd7 52. Bf4 Kc7 53. Rd5 Rxd5+ 54.
exd5 Re1 55. c5 Kd7 56. Bxd6 Rh1 57. Be5 Rxh4 58. c6+ Kd8 59. d6 Rh3+ 60. Kc4
h4 61. Bd4 Rc3+ 62. Kb5 Rd3 63. Bb6+ 1-0